[Event "Oebro Nytaar 2022"]
[Site "Copenhagen"]
[Date "2022.12.27"]
[Round "1.1"]
[White "Hamitevici, Vladimir"]
[Black "Tandrup, Michael"]
[Result "1-0"]
[WhiteElo "2502"]
[BlackElo "1912"]
[PlyCount "67"]
[EventDate "2022.12.27"]
[EventType "swiss"]
[EventRounds "7"]
[EventCountry "DEN"]
[SourceTitle "Live"]

1. b3 Nf6 2. Bb2 d5 3. Nf3 c5 4. e3 Nc6 5. Bb5 Bd7 6. O-O a6 7. Bxc6 Bxc6 8.
Ne5 Qc7 9. d3 e6 10. Nd2 Be7 11. f4 O-O 12. Qf3 Rad8 13. Qg3 Ne8 14. Ndf3 f6
15. Nxc6 Qxc6 16. Qh3 b5 17. Rae1 Qc8 18. e4 d4 19. Rf2 Rf7 20. g4 b4 21. Bc1
g6 22. f5 exf5 23. exf5 g5 24. Re4 Bf8 25. Rfe2 Ng7 26. Bxg5 fxg5 27. Nxg5 h5
28. Nxf7 Kxf7 29. gxh5 Re8 30. Rxe8 Nxe8 31. Qg2 Bg7 32. h6 Bh8 33. Qg6+ Kf8
34. Qh7 1-0

[Event "Oebro Nytaar 2022"]
[Site "Copenhagen"]
[Date "2022.12.27"]
[Round "1.3"]
[White "Nielsen, Viktor Haarmark"]
[Black "Saravana, Vedant Kumar"]
[Result "1-0"]
[WhiteElo "2379"]
[BlackElo "1869"]
[PlyCount "89"]
[EventDate "2022.12.27"]
[EventType "swiss"]
[EventRounds "7"]
[EventCountry "DEN"]
[SourceTitle "Live"]

1. d4 d5 2. c4 c6 3. Nf3 Nf6 4. Qc2 e6 5. g3 Bd6 6. Bg2 Nbd7 7. O-O O-O 8. Nbd2
Re8 9. Rd1 Qc7 10. b3 b6 11. Bb2 Bb7 12. e4 dxe4 13. Nxe4 Nxe4 14. Qxe4 c5 15.
Qe2 Rad8 16. Rd2 Be7 17. Rad1 Bf6 18. dxc5 bxc5 19. Bxf6 Nxf6 20. Ne5 Bxg2 21.
Kxg2 Rxd2 22. Rxd2 Rd8 23. Rxd8+ Qxd8 24. Qe3 Qc7 25. g4 h6 26. h4 h5 27. g5
Ng4 28. Nxg4 hxg4 29. Qe4 Qa5 30. h5 Qd8 31. Qxg4 f5 32. Qf4 Qb6 33. g6 Qb7+
34. Qf3 Qc8 35. Qf4 Qc6+ 36. Kh2 Qb6 37. Qe5 Kf8 38. h6 gxh6 39. Qf6+ Ke8 40.
Qf7+ Kd8 41. g7 Qd6+ 42. Kg2 Qc6+ 43. Kg1 Qd6 44. g8=R+ Qf8 45. Rxf8# 1-0

[Event "Oebro Nytaar 2022"]
[Site "Copenhagen"]
[Date "2022.12.27"]
[Round "1.4"]
[White "Petersen, Poul Erik"]
[Black "Nilssen, John Arni"]
[Result "0-1"]
[WhiteElo "1842"]
[BlackElo "2321"]
[PlyCount "62"]
[EventDate "2022.12.27"]
[EventType "swiss"]
[EventRounds "7"]
[EventCountry "DEN"]
[SourceTitle "Live"]

1. e4 c5 2. c3 e5 3. d4 exd4 4. cxd4 cxd4 5. Qxd4 Nc6 6. Qa4 Nf6 7. Nf3 Bb4+ 8.
Bd2 Qe7 9. Bd3 Nxe4 10. O-O Nxd2 11. Nbxd2 O-O 12. Rad1 d5 13. a3 Bd6 14. Rfe1
Qf6 15. Qb5 Ne7 16. b4 a6 17. Qa4 Be6 18. Qc2 g6 19. Nb3 Rac8 20. Qb1 Nc6 21.
Qa1 Qf4 22. Qc1 Qf6 23. Qa1 Qxa1 24. Rxa1 Bg4 25. Nbd2 Rfd8 26. h3 Be6 27. Kf1
Bf8 28. Rab1 a5 29. b5 Nb8 30. a4 Rc3 31. Rb3 d4 0-1

[Event "Oebro Nytaar 2022"]
[Site "Copenhagen"]
[Date "2022.12.27"]
[Round "1.5"]
[White "Ramsdal, Jens Albert"]
[Black "Wehding, Anton Bonsvig"]
[Result "1-0"]
[WhiteElo "2320"]
[BlackElo "1835"]
[PlyCount "69"]
[EventDate "2022.12.27"]
[EventType "swiss"]
[EventRounds "7"]
[EventCountry "DEN"]
[SourceTitle "Live"]

1. Nf3 d5 2. g3 Nf6 3. Bg2 Bf5 4. O-O e6 5. d3 Be7 6. Nbd2 O-O 7. h3 Nbd7 8.
Re1 Bg6 9. b3 e5 10. Nh4 c6 11. Bb2 Bh5 12. Qc1 Ne8 13. Nhf3 f6 14. e4 d4 15.
g4 Bf7 16. Nf1 Nc5 17. Ng3 Ne6 18. Qd1 Bb4 19. Rf1 Nf4 20. a3 Be7 21. Bc1 Nxg2
22. Kxg2 Nc7 23. Ng1 Ne6 24. N1e2 Bd6 25. Nf5 c5 26. a4 a6 27. h4 h5 28. Neg3
Nf4+ 29. Bxf4 exf4 30. gxh5 fxg3 31. Qg4 g6 32. hxg6 Be6 33. Qh5 Qd7 34. Nxd6
Bg4 35. Qh7+ 1-0

[Event "Oebro Nytaar 2022"]
[Site "Copenhagen"]
[Date "2022.12.27"]
[Round "1.6"]
[White "Jorgensen, Alexander Torp"]
[Black "Kistrup, Nicolai"]
[Result "0-1"]
[WhiteElo "1835"]
[BlackElo "2290"]
[PlyCount "78"]
[EventDate "2022.12.27"]
[EventType "swiss"]
[EventRounds "7"]
[EventCountry "DEN"]
[SourceTitle "Live"]

1. c4 e5 2. Nc3 Nf6 3. Nf3 Nc6 4. e3 Bb4 5. Qc2 O-O 6. Nd5 Re8 7. Ng5 g6 8.
Nxf6+ Qxf6 9. h4 Bf8 10. b3 d6 11. Be2 Bg7 12. Bb2 Qe7 13. Bf3 Bf5 14. Ne4 Nb4
15. Qc3 d5 16. cxd5 Nxd5 17. Qa5 Nb4 18. O-O Nd3 19. Bc3 c6 20. Ng3 Qxh4 21.
Nxf5 gxf5 22. g3 Qh3 23. Bg2 Qh5 24. Qc7 f4 25. exf4 exf4 26. Qxb7 f3 27. Bh1
Bxc3 28. dxc3 Nf4 29. Rfe1 Ne2+ 30. Rxe2 fxe2 31. Re1 Rad8 32. Qxc6 Rd1 33.
Qxe8+ Kg7 34. f3 Rxe1+ 35. Kf2 Rxh1 36. Kxe2 Qd5 37. Qc8 Qd1+ 38. Ke3 Re1+ 39.
Kf4 Qd6+ 0-1

[Event "Oebro Nytaar 2022"]
[Site "Copenhagen"]
[Date "2022.12.27"]
[Round "1.7"]
[White "Thorsbro, Peter"]
[Black "Moller, Arne Vagn"]
[Result "1-0"]
[WhiteElo "2193"]
[BlackElo "1822"]
[PlyCount "87"]
[EventDate "2022.12.27"]
[EventType "swiss"]
[EventRounds "7"]
[EventCountry "DEN"]
[SourceTitle "Live"]

1. d4 Nf6 2. Nf3 e6 3. Bf4 b6 4. e3 Bb7 5. Bd3 Be7 6. Nbd2 Nh5 7. Bg3 d6 8. Qe2
Nd7 9. Rd1 Ndf6 10. e4 Nxg3 11. hxg3 Ng4 12. e5 h5 13. exd6 Bxd6 14. Nc4 Qe7
15. Nce5 Bxe5 16. Nxe5 Nxe5 17. Qxe5 Bxg2 18. Rxh5 O-O-O 19. Rxh8 Rxh8 20. Kd2
f6 21. Qe3 Qb4+ 22. Kc1 Bd5 23. b3 Kb8 24. Kb2 Re8 25. a3 Qe7 26. c4 Bb7 27. f4
Rh8 28. Rd2 Qd6 29. Be4 Bxe4 30. Qxe4 Rh6 31. b4 f5 32. Qe3 Qc6 33. Rc2 Rh3 34.
Qc3 g6 35. Rd2 Qe4 36. d5 Rh1 37. Kb3 a6 38. d6 cxd6 39. Rxd6 Rb1+ 40. Ka4 Kc7
41. Qd2 b5+ 42. Ka5 Qxc4 43. Rxa6 Qd5 44. Qc3+ 1-0

[Event "Oebro Nytaar 2022"]
[Site "Copenhagen"]
[Date "2022.12.27"]
[Round "1.8"]
[White "Vehl, Tina"]
[Black "Nielsen, Lars Aaes"]
[Result "0-1"]
[WhiteElo "1820"]
[BlackElo "2182"]
[PlyCount "92"]
[EventDate "2022.12.27"]
[EventType "swiss"]
[EventRounds "7"]
[EventCountry "DEN"]
[SourceTitle "Live"]

1. e4 e6 2. d4 d5 3. Bd3 c5 4. exd5 Qxd5 5. Nc3 Qd8 6. Nf3 Nf6 7. O-O Nc6 8.
dxc5 Bxc5 9. a3 a6 10. Bg5 Be7 11. Be2 O-O 12. Qxd8 Rxd8 13. Rad1 Bd7 14. Na4
Be8 15. Nb6 Rxd1 16. Rxd1 Rd8 17. Rxd8 Bxd8 18. Nc4 Bc7 19. Bc1 Nd5 20. Ne3 Nf4
21. Bf1 f6 22. g3 Bh5 23. gxf4 Bxf3 24. Bc4 Nd4 25. Kf1 b5 26. Ba2 Bxf4 27. c3
Nc6 28. Bxe6+ Kf8 29. h3 h5 30. Bd2 Ne5 31. Nc4 Bxd2 32. Nxd2 Bc6 33. Ke2 Ke7
34. Bf5 g5 35. f3 h4 36. Ke3 a5 37. b3 Bd5 38. f4 Nf7 39. fxg5 fxg5 40. Kd4 Bg2
41. Ne4 Nh6 42. Bc8 g4 43. hxg4 h3 44. Nf2 h2 45. Kc5 Nf7 46. Bf5 Ng5 0-1

[Event "Oebro Nytaar 2022"]
[Site "Copenhagen"]
[Date "2022.12.27"]
[Round "1.9"]
[White "Brorsen, Jacob Abildlund"]
[Black "Mortensen, Henrik"]
[Result "0-1"]
[WhiteElo "2173"]
[BlackElo "1818"]
[PlyCount "90"]
[EventDate "2022.12.27"]
[EventType "swiss"]
[EventRounds "7"]
[EventCountry "DEN"]
[SourceTitle "Live"]

1. e4 Nf6 2. e5 Nd5 3. d4 d6 4. Nf3 Bg4 5. Bc4 dxe5 6. dxe5 e6 7. h3 Bh5 8. O-O
Be7 9. Re1 c6 10. Nbd2 Nd7 11. g4 Bg6 12. Ne4 Qc7 13. Ng3 h5 14. a3 hxg4 15.
hxg4 O-O-O 16. Bf1 f6 17. c4 fxe5 18. cxd5 exd5 19. Qa4 Bd6 20. Bg5 Rdf8 21.
Nh4 Be8 22. Nhf5 Bc5 23. Rac1 Bxf2+ 24. Kxf2 g6 25. Kg1 gxf5 26. Nxf5 e4 27.
Re2 Ne5 28. Nd4 Qh7 29. Nf5 Qh1+ 30. Kf2 Nxg4+ 31. Ke1 Rxf5 32. Qxa7 Qxf1+ 33.
Kd2 Qxe2+ 34. Kxe2 Rf2+ 35. Qxf2 Nxf2 36. Kxf2 Rh2+ 37. Ke3 Rxb2 38. Kd4 Rg2
39. Bf4 Rf2 40. Be5 Bf7 41. Rh1 b6 42. Bd6 Kd7 43. Rh6 Be6 44. Bh2 c5+ 45. Kc3
d4# 0-1

[Event "Oebro Nytaar 2022"]
[Site "Copenhagen"]
[Date "2022.12.27"]
[Round "1.10"]
[White "Jalving, August"]
[Black "Jorgensen, Brian Jorgen"]
[Result "1/2-1/2"]
[WhiteElo "1798"]
[BlackElo "2171"]
[PlyCount "81"]
[EventDate "2022.12.27"]
[EventType "swiss"]
[EventRounds "7"]
[EventCountry "DEN"]
[SourceTitle "Live"]

1. e4 e6 2. d4 d5 3. Nc3 Nf6 4. Bg5 Bb4 5. e5 h6 6. Bd2 Bxc3 7. Bxc3 Ne4 8. Bb4
c5 9. Bxc5 Nxc5 10. dxc5 Qa5+ 11. c3 Qxc5 12. Nf3 Nd7 13. Bd3 Qc7 14. Qe2 Nc5
15. Bb5+ Ke7 16. O-O a6 17. Bd3 Bd7 18. Rfe1 b5 19. Nd4 g5 20. Qf3 Rag8 21. Bc2
Ke8 22. Qg3 g4 23. f4 gxf3 24. Qxf3 Rg5 25. Rf1 Rf8 26. Rae1 Bc8 27. Qf6 Nd7
28. Qxh6 Rxe5 29. Kh1 Qc5 30. Nxe6 fxe6 31. Bg6+ Kd8 32. Rxf8+ Qxf8 33. Qxf8+
Nxf8 34. Rxe5 Nxg6 35. Rg5 Nf8 36. h4 Bd7 37. g4 Ke7 38. Kg2 Kf6 39. Rg8 Kf7
40. Rg5 Kf6 41. Rg8 1/2-1/2

[Event "Oebro Nytaar 2022"]
[Site "Copenhagen"]
[Date "2022.12.27"]
[Round "2.1"]
[White "Petersen, Steen Brustrup"]
[Black "Hamitevici, Vladimir"]
[Result "0-1"]
[WhiteElo "2097"]
[BlackElo "2502"]
[PlyCount "74"]
[EventDate "2022.12.27"]
[EventType "swiss"]
[EventRounds "7"]
[EventCountry "DEN"]
[SourceTitle "Live"]

1. e4 g6 2. d4 Bg7 3. Nc3 c6 4. Bc4 d6 5. Be3 Nd7 6. f4 d5 7. Bb3 dxe4 8. Nxe4
Ndf6 9. Ng5 Nh6 10. Qe2 a5 11. a3 Nd5 12. Bxd5 Qxd5 13. c4 Qf5 14. h3 b5 15. g4
Qd7 16. Ne4 bxc4 17. Nc5 Qd5 18. Qf3 O-O 19. Rh2 f6 20. O-O-O Nf7 21. Rc2 Nd6
22. Qf2 h5 23. f5 hxg4 24. hxg4 gxf5 25. Ne2 fxg4 26. Nf4 Qf7 27. Qh4 Nf5 28.
Qe1 Nxe3 29. Qxe3 e5 30. Ne2 Bf5 31. Rcd2 Qg6 32. Rh1 Rae8 33. Ng3 Bd3 34. Rdh2
exd4 35. Qxd4 Qg5+ 36. Kd1 Rd8 37. Nd7 Rf7 0-1

[Event "Oebro Nytaar 2022"]
[Site "Copenhagen"]
[Date "2022.12.27"]
[Round "2.2"]
[White "Hector, Jonny"]
[Black "Meskenas, Paulius"]
[Result "1-0"]
[WhiteElo "2451"]
[BlackElo "2073"]
[PlyCount "39"]
[EventDate "2022.12.27"]
[EventType "swiss"]
[EventRounds "7"]
[EventCountry "DEN"]
[SourceTitle "Live"]

1. e4 e5 2. Nf3 Nc6 3. Nc3 Nf6 4. d4 exd4 5. Nd5 Bc5 6. Bc4 h6 7. O-O O-O 8. b4
Nxb4 9. Nxb4 Bxb4 10. Qxd4 Qe7 11. e5 Ne8 12. Bb2 d6 13. Qf4 dxe5 14. Nxe5 Nd6
15. Bb3 Nf5 16. Ng6 Qd6 17. Qg4 Re8 18. Nh4 g6 19. Nxg6 Kh7 20. Bxf7 1-0

[Event "Oebro Nytaar 2022"]
[Site "Copenhagen"]
[Date "2022.12.27"]
[Round "2.3"]
[White "Gregor, Bjarke"]
[Black "Nielsen, Viktor Haarmark"]
[Result "0-1"]
[WhiteElo "2066"]
[BlackElo "2379"]
[PlyCount "80"]
[EventDate "2022.12.27"]
[EventType "swiss"]
[EventRounds "7"]
[EventCountry "DEN"]
[SourceTitle "Live"]

1. e4 c5 2. Nc3 Nc6 3. Nf3 e6 4. d4 cxd4 5. Nxd4 Qc7 6. Be3 a6 7. Qd2 Nf6 8. f3
Be7 9. O-O-O b5 10. Nxc6 dxc6 11. Qf2 O-O 12. g4 e5 13. h4 Be6 14. h5 Nd7 15.
Kb1 Qd8 16. Ne2 Bg5 17. Bc5 Be7 18. Be3 Bg5 19. Ng3 Bxe3 20. Qxe3 Qa5 21. b3
Qb6 22. Qe1 a5 23. Nf5 Qd8 24. Qc3 a4 25. h6 g6 26. Ng7 Qe7 27. Nxe6 Qxe6 28.
f4 axb3 29. cxb3 Nf6 30. Bg2 Qxg4 31. Qb2 Qxf4 32. Rdf1 Qg5 33. Rhg1 Ne8 34.
Bh3 Qe7 35. Rd1 Nf6 36. Qc2 Qb4 37. Bf5 c5 38. Rd6 Ne8 39. Rc6 c4 40. Kb2 cxb3
0-1

[Event "Oebro Nytaar 2022"]
[Site "Copenhagen"]
[Date "2022.12.27"]
[Round "2.4"]
[White "Nilssen, John Arni"]
[Black "Lauritsen, Martin Lee"]
[Result "1-0"]
[WhiteElo "2321"]
[BlackElo "2058"]
[PlyCount "101"]
[EventDate "2022.12.27"]
[EventType "swiss"]
[EventRounds "7"]
[EventCountry "DEN"]
[SourceTitle "Live"]

1. d4 Nf6 2. c4 e6 3. Nc3 Bb4 4. g3 O-O 5. Bg2 d5 6. Nf3 c6 7. O-O Nbd7 8. Qb3
Bd6 9. Bf4 Qc7 10. e3 a6 11. c5 Bxf4 12. gxf4 Rb8 13. Rfc1 a5 14. Qc2 Ng4 15.
Ng5 Ndf6 16. Bf1 Nh6 17. Bd3 Nf5 18. Ne2 g6 19. Nf3 Bd7 20. Ne5 Nh5 21. Ng3
Nhg7 22. Bxf5 Nxf5 23. Nxf5 gxf5 24. Kh1 f6 25. Rg1+ Kh8 26. Nd3 Be8 27. Qe2
Bg6 28. Rg3 Rg8 29. Rag1 Rg7 30. f3 Rbg8 31. Qg2 Bh5 32. Rxg7 Rxg7 33. Qxg7+
Qxg7 34. Rxg7 Kxg7 35. Kg2 Kf7 36. a4 Ke7 37. Nc1 Kd7 38. Nb3 Kc7 39. Nxa5 Kb8
40. b4 Be8 41. Nb3 Kc7 42. Kg3 Kb8 43. Kh4 Kc7 44. Nc1 Kd8 45. Ne2 Kc7 46. Ng3
Kd8 47. Nh5 Ke7 48. Ng7 Bf7 49. b5 cxb5 50. axb5 Kf8 51. c6 1-0

[Event "Oebro Nytaar 2022"]
[Site "Copenhagen"]
[Date "2022.12.27"]
[Round "2.5"]
[White "Marthedal, Anton Mehmet Yildiz"]
[Black "Ramsdal, Jens Albert"]
[Result "0-1"]
[WhiteElo "2054"]
[BlackElo "2320"]
[PlyCount "42"]
[EventDate "2022.12.27"]
[EventType "swiss"]
[EventRounds "7"]
[EventCountry "DEN"]
[SourceTitle "Live"]

1. d4 Nf6 2. c4 e6 3. g3 d5 4. Bg2 Be7 5. Nf3 O-O 6. O-O dxc4 7. Ne5 Nc6 8.
Bxc6 bxc6 9. Nxc6 Qe8 10. Nxe7+ Qxe7 11. Qa4 e5 12. dxe5 Qxe5 13. Qxc4 Be6 14.
Qc2 Bf5 15. Qc4 Rfd8 16. Qf4 Qe6 17. Nc3 Rab8 18. f3 Bh3 19. Re1 Rd3 20. Kf2
Re8 21. Bd2 Qb6+ 0-1

[Event "Oebro Nytaar 2022"]
[Site "Copenhagen"]
[Date "2022.12.27"]
[Round "2.6"]
[White "Kistrup, Nicolai"]
[Black "Kakulidis, Ellen"]
[Result "1-0"]
[WhiteElo "2290"]
[BlackElo "2033"]
[PlyCount "119"]
[EventDate "2022.12.27"]
[EventType "swiss"]
[EventRounds "7"]
[EventCountry "DEN"]
[SourceTitle "Live"]

1. d4 d5 2. c4 e6 3. Nf3 a6 4. g3 dxc4 5. Bg2 c5 6. O-O cxd4 7. Nxd4 Nf6 8.
Qa4+ Qd7 9. Qxc4 b5 10. Qb3 Bb7 11. Rd1 Bxg2 12. Kxg2 Qb7+ 13. Qf3 Qxf3+ 14.
Kxf3 e5 15. Nf5 Nc6 16. Bg5 Nd7 17. Nc3 f6 18. Be3 Rd8 19. Ne4 g6 20. Ned6+
Bxd6 21. Rxd6 e4+ 22. Kf4 Nce5 23. Nd4 g5+ 24. Kxe4 Ke7 25. Nf5+ Kf7 26. Rxa6
Kg6 27. Ne7+ Kf7 28. Nf5 Kg6 29. Re6 Nc4 30. Re7 Rhe8 31. Rd1 Nxe3 32. Kxe3 Ne5
33. Rxd8 Rxd8 34. Ke4 Nf7 35. g4 Rd2 36. Ke3 Rxb2 37. Ra7 b4 38. Ne7+ Kg7 39.
Nf5+ Kg6 40. f3 b3 41. axb3 Rxb3+ 42. Kf2 Rb8 43. Kg3 Rh8 44. e4 h5 45. gxh5+
Rxh5 46. Ra8 Ne5 47. Rg8+ Kf7 48. Rg7+ Kf8 49. Ra7 Nd3 50. h3 Nf4 51. h4 Kg8
52. Kg4 Kf8 53. Rb7 Kg8 54. hxg5 fxg5 55. Rg7+ Kf8 56. Rxg5 Rxg5+ 57. Kxg5 Ne6+
58. Kf6 Nf4 59. e5 Nh5+ 60. Kg5 1-0

[Event "Oebro Nytaar 2022"]
[Site "Copenhagen"]
[Date "2022.12.27"]
[Round "2.7"]
[White "Nielsen Refs, Karl Emil Elmer"]
[Black "Olsen, Peter Erik"]
[Result "1/2-1/2"]
[WhiteElo "1981"]
[BlackElo "2170"]
[PlyCount "84"]
[EventDate "2022.12.27"]
[EventType "swiss"]
[EventRounds "7"]
[EventCountry "DEN"]
[SourceTitle "Live"]

1. d4 Nf6 2. c4 c5 3. d5 b5 4. cxb5 a6 5. bxa6 Bxa6 6. Nc3 d6 7. Nf3 g6 8. g3
Bg7 9. Bg2 Nbd7 10. Rb1 Nb6 11. b3 Bb7 12. Nh4 O-O 13. O-O Nfd7 14. Bb2 Ne5 15.
h3 Ba6 16. Re1 Qc7 17. f4 Ned7 18. Nf3 Rfb8 19. Qc2 Nc8 20. Na4 Bxb2 21. Rxb2
Na7 22. e4 Nb5 23. e5 Nb6 24. exd6 exd6 25. Nxb6 Qxb6 26. Kh2 Re8 27. Qc1 Nc7
28. Rxe8+ Rxe8 29. Ng5 Qb4 30. Qd2 Re2 31. Qxb4 cxb4 32. Rxe2 Bxe2 33. Kg1 h6
34. Ne4 Nxd5 35. Nxd6 Nc3 36. Kf2 Ba6 37. Ne4 Nxa2 38. Nf6+ Kf8 39. Nd5 Bb5 40.
Ke3 Nc1 41. Nxb4 Nxb3 42. Bc6 Bxc6 1/2-1/2

[Event "Oebro Nytaar 2022"]
[Site "Copenhagen"]
[Date "2022.12.27"]
[Round "2.8"]
[White "Gregor, Jan"]
[Black "Rasmussen, Matthias"]
[Result "0-1"]
[WhiteElo "1687"]
[BlackElo "1662"]
[PlyCount "64"]
[EventDate "2022.12.27"]
[EventType "swiss"]
[EventRounds "7"]
[EventCountry "DEN"]
[SourceTitle "Live"]

1. e4 c5 2. Nf3 Nc6 3. d4 cxd4 4. Nxd4 g6 5. Be3 Bg7 6. Nc3 a6 7. Be2 e6 8. Qd2
Nge7 9. h4 d5 10. O-O-O dxe4 11. Nxe4 Nxd4 12. Bxd4 Qxd4 13. Qxd4 Bxd4 14. Rxd4
Nf5 15. Nd6+ Nxd6 16. Rxd6 Ke7 17. Rhd1 Ra7 18. Bf3 b5 19. Bc6 Rc7 20. a4 bxa4
21. Bxa4 e5 22. Bc6 Be6 23. Ba4 a5 24. Ra6 Rc5 25. Ra7+ Kf6 26. g3 Rhc8 27. c3
Rb8 28. Rd6 e4 29. Rda6 Rf5 30. Rxa5 Rxf2 31. Bb5 e3 32. Ra1 Rxb5 0-1

[Event "Oebro Nytaar 2022"]
[Site "Copenhagen"]
[Date "2022.12.27"]
[Round "2.9"]
[White "Jorgensen, Brian Jorgen"]
[Black "Brorsen, Jacob Abildlund"]
[Result "0-1"]
[WhiteElo "2171"]
[BlackElo "2173"]
[PlyCount "93"]
[EventDate "2022.12.27"]
[EventType "swiss"]
[EventRounds "7"]
[EventCountry "DEN"]
[SourceTitle "Live"]

1. c4 c6 2. Nf3 Nf6 3. Nc3 d5 4. e3 a6 5. Qc2 g6 6. b3 Bg7 7. Bb2 O-O 8. h3 b5
9. d4 Qa5 10. Nd2 Nbd7 11. cxd5 cxd5 12. f4 Bb7 13. a3 Rac8 14. b4 Qb6 15. Bd3
e5 16. fxe5 Nxe5 17. O-O Nc4 18. Bxc4 dxc4 19. Rae1 Rfe8 20. Nf3 Ne4 21. Ne5 f5
22. Nxe4 Bxe4 23. Qc3 Rcd8 24. Rd1 Rd5 25. Qc1 Bh6 26. Kh2 Qd8 27. Bc3 Qg5 28.
Nf3 Qe7 29. Ne5 Qg5 30. Nf3 Qh5 31. Ne5 Bg5 32. Rde1 Bh4 33. Rd1 Bd8 34. Rd2
Bc7 35. Qe1 Red8 36. Kg1 Qg5 37. Rff2 Qg3 38. Qe2 Bxe5 39. dxe5 Rxd2 40. Bxd2
Rd3 41. e6 Qd6 42. Be1 Qxe6 43. Rf4 c3 44. Kh2 Qe5 45. h4 Qc7 46. Qa2+ Qc4 47.
Qa1 0-1

[Event "Oebro Nytaar 2022"]
[Site "Copenhagen"]
[Date "2022.12.27"]
[Round "2.10"]
[White "Moe, Mogens"]
[Black "Wehding, Laurits Bonsvig"]
[Result "0-1"]
[WhiteElo "2160"]
[BlackElo "1900"]
[PlyCount "61"]
[EventDate "2022.12.27"]
[EventType "swiss"]
[EventRounds "7"]
[EventCountry "DEN"]
[SourceTitle "Live"]

1. e4 e6 2. d4 d5 3. Nd2 dxe4 4. Nxe4 Nd7 5. Nf3 Ngf6 6. Ng3 b6 7. Bb5 Bb7 8.
O-O Bd6 9. Ne5 O-O 10. Bc6 Qc8 11. Re1 Bxc6 12. Nxc6 Qb7 13. Qf3 Nd5 14. Ne5 c6
15. c4 Ne7 16. Nxd7 Qxd7 17. Nh5 f6 18. Qg4 Nf5 19. Be3 Rae8 20. Rad1 Rf7 21.
Bf4 Bb4 22. Bd2 Bxd2 23. Rxd2 c5 24. d5 Nd4 25. Rxd4 f5 26. Qe2 e5 27. Rdd1 f4
28. g3 f3 29. Qe4 Qh3 30. Nf4 Rxf4 31. Ra1 0-1

[Event "Oebro Nytaar 2022"]
[Site "Copenhagen"]
[Date "2022.12.28"]
[Round "3.1"]
[White "Hamitevici, Vladimir"]
[Black "Kistrup, Nicolai"]
[Result "1-0"]
[WhiteElo "2502"]
[BlackElo "2290"]
[PlyCount "74"]
[EventDate "2022.12.27"]
[EventType "swiss"]
[EventRounds "7"]
[EventCountry "DEN"]
[SourceTitle "Live"]

1. Nf3 d5 2. c4 d4 3. b4 f6 4. Na3 e5 5. Nc2 a5 6. b5 Ne7 7. d3 Be6 8. g3 Qd7
9. h4 c5 10. Bg2 Ra7 11. Nd2 h5 12. Ne4 b6 13. f4 Ng6 14. e3 Bg4 15. Qd2 Be7
16. exd4 exd4 17. O-O Bh3 18. Bxh3 Qxh3 19. f5 Ne5 20. Ne1 Nbd7 21. Qg2 Qxg2+
22. Kxg2 Ng4 23. Nf3 Nde5 24. Nxe5 Nxe5 25. Nf2 Bd6 26. Bf4 Nf7 27. Nh3 Re7 28.
Rae1 Kd7 29. Rxe7+ Bxe7 30. Re1 Re8 31. Kf3 Bd8 32. Rxe8 Kxe8 33. a4 Kd7 34.
Bd2 Bc7 35. Nf4 Bxf4 36. Bxf4 Ne5+ 37. Bxe5 fxe5 1-0

[Event "Oebro Nytaar 2022"]
[Site "Copenhagen"]
[Date "2022.12.28"]
[Round "3.2"]
[White "Pedersen, Jan Nordenbaek"]
[Black "Hector, Jonny"]
[Result "0-1"]
[WhiteElo "2123"]
[BlackElo "2451"]
[PlyCount "56"]
[EventDate "2022.12.27"]
[EventType "swiss"]
[EventRounds "7"]
[EventCountry "DEN"]
[SourceTitle "Live"]

1. e4 e5 2. Nf3 Nc6 3. Bc4 Nf6 4. Ng5 d5 5. exd5 Na5 6. Bb5+ c6 7. dxc6 bxc6 8.
Bd3 Nd5 9. Nf3 Bd6 10. O-O O-O 11. Re1 Bg4 12. h3 Bxf3 13. Qxf3 f5 14. c4 e4
15. Qd1 Nf4 16. Bf1 c5 17. d3 Nxd3 18. Bxd3 exd3 19. Re3 Qf6 20. Nc3 Nxc4 21.
Qb3 Qf7 22. Rxd3 Rfe8 23. Rd1 Rab8 24. Qc2 Qe6 25. Kf1 f4 26. Qd3 Be5 27. Ne4
Nxb2 28. Bxb2 c4 0-1

[Event "Oebro Nytaar 2022"]
[Site "Copenhagen"]
[Date "2022.12.28"]
[Round "3.3"]
[White "Nielsen, Viktor Haarmark"]
[Black "Nielsen, Lars Aaes"]
[Result "1-0"]
[WhiteElo "2379"]
[BlackElo "2182"]
[PlyCount "51"]
[EventDate "2022.12.27"]
[EventType "swiss"]
[EventRounds "7"]
[EventCountry "DEN"]
[SourceTitle "Live"]

1. d4 e6 2. c4 d5 3. Nf3 a6 4. cxd5 exd5 5. Nc3 Nf6 6. Bg5 Be7 7. e3 h6 8. Bh4
Nbd7 9. Bd3 c6 10. Qc2 O-O 11. O-O Re8 12. Bxf6 Bxf6 13. b4 Qe7 14. Rab1 Nf8
15. a4 Bg4 16. b5 axb5 17. axb5 Bxf3 18. gxf3 Qd6 19. bxc6 bxc6 20. Rb6 Rec8
21. Rc1 Qd7 22. Ne2 Qh3 23. Bf5 Qxf3 24. Bxc8 Rxc8 25. Ng3 Ne6 26. Qf5 1-0

[Event "Oebro Nytaar 2022"]
[Site "Copenhagen"]
[Date "2022.12.28"]
[Round "3.4"]
[White "Mortensen, Henrik"]
[Black "Nilssen, John Arni"]
[Result "0-1"]
[WhiteElo "1818"]
[BlackElo "2321"]
[PlyCount "76"]
[EventDate "2022.12.27"]
[EventType "swiss"]
[EventRounds "7"]
[EventCountry "DEN"]
[SourceTitle "Live"]

1. e4 c5 2. Nf3 a6 3. c4 e6 4. Nc3 b6 5. g3 Bb7 6. Bg2 d6 7. d4 cxd4 8. Nxd4
Qc7 9. O-O Nd7 10. f4 Ngf6 11. Be3 Be7 12. Rc1 Nc5 13. e5 Bxg2 14. Kxg2 dxe5
15. fxe5 Qxe5 16. Bf4 Qh5 17. Nf3 Rd8 18. Qe2 Nd3 19. Rcd1 Nxf4+ 20. gxf4 O-O
21. Ne5 Rxd1 22. Rxd1 Qxe2+ 23. Nxe2 Rd8 24. Rxd8+ Bxd8 25. Kf3 Bc7 26. Nc6 Kf8
27. b4 Ke8 28. a4 Nd7 29. Ned4 e5 30. Nf5 g6 31. Ne3 exf4 32. Nd5 Bd6 33. b5 a5
34. Nxf4 Bxf4 35. Kxf4 f5 36. Kg5 Nc5 37. Kh6 f4 38. Kg5 f3 0-1

[Event "Oebro Nytaar 2022"]
[Site "Copenhagen"]
[Date "2022.12.28"]
[Round "3.5"]
[White "Ramsdal, Jens Albert"]
[Black "Porte, Henrik"]
[Result "1-0"]
[WhiteElo "2320"]
[BlackElo "2164"]
[PlyCount "43"]
[EventDate "2022.12.27"]
[EventType "swiss"]
[EventRounds "7"]
[EventCountry "DEN"]
[SourceTitle "Live"]

1. e4 c6 2. d4 d5 3. e5 Bf5 4. h4 h5 5. Bd3 Bxd3 6. Qxd3 e6 7. Bg5 Qa5+ 8. Nd2
Qa6 9. c4 Bb4 10. b3 Ne7 11. Ne2 Nf5 12. O-O Nd7 13. Nf3 f6 14. Nf4 c5 15. a3
Ba5 16. exf6 gxf6 17. b4 Qxc4 18. Qb1 O-O-O 19. Nxe6 fxg5 20. Qxf5 g4 21. Rac1
Qb3 22. Nxc5 1-0

[Event "Oebro Nytaar 2022"]
[Site "Copenhagen"]
[Date "2022.12.28"]
[Round "3.6"]
[White "Thorsbro, Peter"]
[Black "Wahlgreen, Noah Krug"]
[Result "1/2-1/2"]
[WhiteElo "2193"]
[BlackElo "1981"]
[PlyCount "116"]
[EventDate "2022.12.27"]
[EventType "swiss"]
[EventRounds "7"]
[EventCountry "DEN"]
[SourceTitle "Live"]

1. d4 Nf6 2. c4 g6 3. Nf3 Bg7 4. Nc3 O-O 5. e4 d6 6. Be2 e5 7. Be3 Ng4 8. Bg5
f6 9. Bh4 g5 10. Bg3 Nh6 11. dxe5 dxe5 12. Qb3 Kh8 13. O-O Na6 14. Rfd1 Qe7 15.
a3 c6 16. Nd2 f5 17. f3 g4 18. Bf2 f4 19. c5 Nxc5 20. Qb4 b6 21. Na4 g3 22.
Bxc5 Qh4 23. Nf1 bxc5 24. Qxc5 Bh3 25. gxh3 Qxh3 26. Qe7 gxh2+ 27. Nxh2 Bf6 28.
Qd6 Rg8+ 29. Ng4 Nxg4 30. fxg4 Rxg4+ 31. Bxg4 Qxg4+ 32. Kf1 Qf3+ 33. Ke1 Qxe4+
34. Kd2 Rd8 35. Qxd8+ Bxd8 36. Nc3 Qg2+ 37. Kd3 f3 38. Ke4 Qg4+ 39. Kxe5 Bh4
40. Ne4 f2 41. b4 h5 42. Rf1 Kg8 43. Rac1 Bg3+ 44. Kd4 h4 45. Rc5 Qe2 46. Rcc1
Kf7 47. Rcd1 Ke6 48. Nc5+ Kf5 49. Nd3 h3 50. Kc5 Qe4 51. Nc1 h2 52. a4 a6 53.
Nd3 Kg4 54. Kb6 Kf3 55. Kxa6 Kg2 56. b5 Qxa4+ 57. Kb7 Qxb5+ 58. Kc8 Qxd3
1/2-1/2